Cost & management accounting: (Record no. 19952)

MARC details
000 -LEADER
fixed length control field 00936nam a22002414a 4500
005 - DATE AND TIME OF LATEST TRANSACTION
control field 20040707122103.0
008 - FIXED-LENGTH DATA ELEMENTS--GENERAL INFORMATION
fixed length control field 000731s2001 nyua b 001 0 eng
010 ## - LCCN (DPL NO)
LC control number ENG-92212
020 ## - INTERNATIONAL STANDARD BOOK NUMBER
International Standard Book Number 818713478X
Terms of availability 345.00
035 ## - SYSTEM CONTROL NUMBER
System control number EN-75745
037 ## - SOURCE OF ACQUISITION
Source of stock number/acquisition DBAD / PUB
040 ## - CATALOGING SOURCE
Original cataloging agency dpl
Language of cataloging English
082 ## - DEWEY DECIMAL CLASSIFICATION NUMBER
Classification number 657.42
100 ## - MAIN ENTRY--PERSONAL NAME
Personal name Jana, Gautam Kumar
245 ## - TITLE STATEMENT
Title Cost & management accounting:
Statement of responsibility, etc by Gautam Kumar Jana
Remainder of title (theory and practice) /
260 ## - PUBLICATION, DISTRIBUTION, ETC. (IMPRINT)
Place of publication, distribution, etc Kolkata
Name of publisher, distributor, etc Books And Allied
Date of publication, distribution, etc 2008
270 ## - ADDRESS
Address No.1-E(1), 'Shubham Plaza' (Ist Floor) 83/1, Beliaghata Main Road,
City Kolkata
Postal code 700010
300 ## - PHYSICAL DESCRIPTION
Extent viii, 1342, 47p.
Dimensions 24 cm (pbk)
650 ## - SUBJECT ADDED ENTRY--TOPICAL TERM
Topical term or geographic name as entry element Cost accounting.
650 ## - SUBJECT ADDED ENTRY--TOPICAL TERM
Topical term or geographic name as entry element Managerial accounting.
942 ## - ADDED ENTRY ELEMENTS (KOHA)
Source of classification or shelving scheme Dewey Decimal Classification
Item type English Books
Call number suffix JAN
Classification part 657.42
Holdings
Withdrawn status Lost status Source of classification or shelving scheme Damaged status Not for loan Collection code Home library Current library Date acquired Source of acquisition Cost, normal purchase price Total Checkouts Full call number Barcode Date last seen Copy number Cost, replacement price Koha item type
    Dewey Decimal Classification   Not For Loan Non-fiction D.B.Act.Division D.B.Act.Division 16/12/2008 DBAD / PUB 345.00   657.42 JAN EN-75745 16/12/2008 1 345.00 English Books

© Delhi Public Library
Hit Counter
free hit counter